Macroeconomía Moderna (Registro nro. 4276)
[ vista simple ]
| 000 -LEADER | |
|---|---|
| fixed length control field | 01123 a2200265 4500 |
| 001 - CONTROL NUMBER | |
| control field | 47041 |
| 005 - DATE AND TIME OF LATEST TRANSACTION | |
| control field | 20260407155739.0 |
| 008 - FIXED-LENGTH DATA ELEMENTS--GENERAL INFORMATION | |
| fixed length control field | 260407a1982 arg spa d |
| 003 - CONTROL NUMBER IDENTIFIER | |
| control field | AR-UNSa-BCEJYS |
| 040 ## - CATALOGING SOURCE | |
| Original cataloging agency | AR-UNSa-BCEJYS |
| Language of cataloging | spa |
| Transcribing agency | AR-UNSa-BCEJYS |
| 080 ## - UNIVERSAL DECIMAL CLASSIFICATION NUMBER | |
| Universal Decimal Classification number | 330.101.541 |
| Common auxiliary subdivision | Macroeconomía |
| 020 ## - INTERNATIONAL STANDARD BOOK NUMBER | |
| International Standard Book Number | 0-06-044492-4 |
| 100 1# - MAIN ENTRY--PERSONAL NAME | |
| Personal name | Chu Pulido, Mei Mei Alicia |
| 245 10 - TITLE STATEMENT | |
| Title | Macroeconomía Moderna |
| 250 ## - EDITION STATEMENT | |
| Edition statement | 4a. ed. |
| 264 #1 - PRODUCTION, PUBLICATION, DISTRIBUTION, MANUFACTURE, AND COPYRIGHT NOTICE | |
| Place of production, publication, distribution, manufacture | México : |
| Name of producer, publisher, distributor, manufacturer | Harla |
| Date of production, publication, distribution, manufacture, or copyright notice | 1982 |
| 300 ## - PHYSICAL DESCRIPTION | |
| Extent | 685 p. |
| Dimensions | 23 cm. |
| 505 ## - FORMATTED CONTENTS NOTE | |
| Formatted contents note | 1. Introducción a la economía y al sistema de precios - 2. El sector público, desempleo e inflación - 3. Flujo circular, contabilidad del ingreso nacional y determianción del ingreso - 4. Política monetaria bancaria y de estabilización - 5. Crecimiento - 6. Economía internacional y otros sistemas económicos - |
| 590 ## - LOCAL NOTE (RLIN) | |
| Local note | niveau_biblio:m niveau_hierar:0 |
| 700 1# - ADDED ENTRY--PERSONAL NAME | |
| Personal name | Miller, Roger LeRoy |
| 700 1# - ADDED ENTRY--PERSONAL NAME | |
| Personal name | Spagnolo González, Alberto |
| 700 1# - ADDED ENTRY--PERSONAL NAME | |
| Personal name | Paniagua Bocanegra, Francisco |
| 856 41 - ELECTRONIC LOCATION AND ACCESS | |
| Uniform Resource Identifier | <a href="https://www.biblioeco.unsa.edu.ar/pmb/images/libros/L127380.jpg">https://www.biblioeco.unsa.edu.ar/pmb/images/libros/L127380.jpg</a> |
| Link text | Imagen de portada |
| Electronic format type | image/jpeg |
| 942 ## - ADDED ENTRY ELEMENTS (KOHA) | |
| Koha item type | |
| Withdrawn status | Lost status | Damaged status | Not for loan | Home library | Current library | Shelving location | Date acquired | Total checkouts | Full call number | Barcode | Date last seen | Price effective from | Koha item type |
|---|---|---|---|---|---|---|---|---|---|---|---|---|---|
| Biblioteca Prof. Eusebio Cleto del Rey | Biblioteca Prof. Eusebio Cleto del Rey | 07/04/2026 | 330.101.541 M646 4ed. | L127380 | 07/04/2026 | 07/04/2026 | Libro |